Teaching English using ICT : (Record no. 25212)
[ view plain ]
| 000 -LEADER | |
|---|---|
| fixed length control field | 00925nam a2200265 a 4500 |
| 005 - DATE AND TIME OF LATEST TRANSACTION | |
| control field | 20140310183608.0 |
| 008 - FIXED-LENGTH DATA ELEMENTS--GENERAL INFORMATION | |
| fixed length control field | 120801s19uu xx 00 eng d |
| 020 ## - INTERNATIONAL STANDARD BOOK NUMBER | |
| International Standard Book Number | 9781441117823 |
| 050 ## - LIBRARY OF CONGRESS CALL NUMBER | |
| Classification number | LB 1631.3 |
| Item number | .R36 2011 |
| 100 ## - MAIN ENTRY--PERSONAL NAME | |
| Personal name | Rank, Tom |
| 245 ## - TITLE STATEMENT | |
| Title | Teaching English using ICT : |
| Remainder of title | a practical guide for secondary school teachers / |
| Statement of responsibility, etc | Tom Rank, Chris Warren and Trevor Millum. |
| 260 ## - PUBLICATION, DISTRIBUTION, ETC. (IMPRINT) | |
| Place of publication, distribution, etc | London ; New York : |
| Name of publisher, distributor, etc | Continuum, |
| Date of publication, distribution, etc | 2011. |
| 300 ## - PHYSICAL DESCRIPTION | |
| Extent | 170 p. : |
| Dimensions | 25 cm. |
| 500 ## - GENERAL NOTE | |
| General note | Includes index. |
| 521 ## - TARGET AUDIENCE NOTE | |
| Target audience note | |
| 650 ## - SUBJECT ADDED ENTRY--TOPICAL TERM | |
| Topical term or geographic name as entry element | English language |
| General subdivision | Study and teaching (Secondary) |
| -- | Computer-assisted instruction |
| 650 ## - SUBJECT ADDED ENTRY--TOPICAL TERM | |
| Topical term or geographic name as entry element | English literature |
| General subdivision | Study and teaching (Secondary) |
| -- | Computer-assisted instruction |
| 650 ## - SUBJECT ADDED ENTRY--TOPICAL TERM | |
| Topical term or geographic name as entry element | Word processing in education |
| 650 ## - SUBJECT ADDED ENTRY--TOPICAL TERM | |
| Topical term or geographic name as entry element | Information technology |
| 700 ## - ADDED ENTRY--PERSONAL NAME | |
| Personal name | Warren, Chris |
| 700 ## - ADDED ENTRY--PERSONAL NAME | |
| Personal name | Millum, Trevor |
| 942 ## - ADDED ENTRY ELEMENTS (KOHA) | |
| Koha item type | Books |
| Source of classification or shelving scheme | Library of Congress Classification |
| Call number prefix | Foreign |
| Withdrawn status | Lost status | Source of classification or shelving scheme | Damaged status | Home library | Current library | Shelving location | Date acquired | Source of acquisition | Cost, normal purchase price | Total Checkouts | Full call number | Barcode | Date last seen | Copy number | Price effective from | Koha item type | Total Renewals | Date checked out |
|---|---|---|---|---|---|---|---|---|---|---|---|---|---|---|---|---|---|---|
| Library of Congress Classification | College Library | College Library | General Circulation Section | 10/08/2012 | Donation | 3225.00 | LB 1631.3 .R36 2011 | C15860 | 05/15/2018 | 1 | 10/18/2013 | Books | ||||||
| Library of Congress Classification | College Library | College Library | General Circulation Section | 01/22/2014 | Donation | 2 | LB 1631.3 .R36 2011 | C15155 | 05/15/2018 | 2 | 01/22/2014 | Books | 13 | 06/06/2017 |